00411nam a22001457a 450000500170000001000150001702000260003203500130005803700130007110000150008424500430009926000410014227000610018330000210024420210803120211.0 aENG-107597 a9789350835104c125.00 aEN-91130 bDBAD/PUB aKhan, Amit aAn eternal love story /c by Amit Khan aNew DelhibDiamond Pocket Bookc2013 aX-30, Okhla Industrial Area, Phase-IIbNew Delhie110020 a143p.c23cm(pbk)